Genshin Impact Trivia - Natlan Archon Quest - Statistics

General Stats
  • This quiz has been taken 27 times
  • The average score is 11 of 18
Answer Stats
Hint Answer % Correct
What was the above answer's rank among the Harbingers? 1
100%
Which 4* character is given to you for free moments after entering Natlan, as well as the first Natlan character that you meet? Kachina
100%
Was this war depressing? Yes (Don't lie to yourself if you said no)
100%
Was this nation's Archon Quest Epic? Yes (Don't lie to yourself if you said no)
100%
Is Mavuika the best Archon? Yes (This one is actually fine if you said no)
100%
What Fatui Harbinger does the Pyro Archon fight in the Arena in arguably one of the best cutscenes in the game? Capitano
91%
What species is the Pyro Archon? Human
91%
Who was the first character from Nod-Krei? Ineffa
91%
And their codename? Captain
73%
The developers changed the lore about how The Traveler arrived in Teyvat from being dimensional hoppers to arriving in what? Spaceship
73%
For the first time, you can't just walk up to The Statue of the Seven to do this? Resonate
59%
Name any named permanent victims in the war with the abyss. (The choices you made in the quest do matter but I'm listing all named victims) Chuychu/Toto/Futenna/Margivai
41%
What did the above answer constantly suffer from? Memory Loss
32%
Who is the first playable character that you see in the Archon quest? Charlotte
27%
What is the name of the Long-Necked Rhino that the above rides with you? Toto
23%
What is the code to open the message delivered by the above? 123456
18%
What is the lowest possible number of casualties in the war? 1500
9%
What is the highest? 8000
9%
No matching quizzes found
Score Distribution
Percent of People with Each Score
Percentile by Number Answered
Your Score History
You have not taken this quiz